MARC

LEADER 00000nam0a2200000 4500
001 42317
005 20231031015232.0
010 |a 5705004389 
035 |a (RuTPU)RU\TPU\book\43570 
090 |a 42317 
100 |a 20020829d2001 k y0rusy50 ca 
101 0 |a rus 
102 |a RU 
105 |a a z 001zy 
200 1 |a Общая метрология  |f В. А. Кузнецов, Г. В. Ялунина 
210 |a Москва  |c Изд-во стандартов  |d 2001 
215 |a 272 с.  |c ил. 
320 |a Предм. указ.: с. 262-263. 
320 |a Библиогр.: с. 264-265. 
610 1 |a метрология 
610 1 |a история 
610 1 |a термины 
610 1 |a определения 
610 1 |a физические величины 
610 1 |a измерения 
610 1 |a средства измерений 
610 1 |a погрешности 
610 1 |a результаты 
610 1 |a информационная теория 
610 1 |a международные организации 
610 1 |a метрологическая служба 
610 1 |a Российская Федерация 
610 1 |a эталоны 
675 |a 006  |v 4 
700 1 |a Кузнецов  |b В. А.  |g Вениамин Алексеевич 
701 1 |a Ялунина  |b Г. В.  |g Галина Викториновна 
702 1 |a Кузнецова  |b В. А.  |4 340 
801 1 |a RU  |b 63413507  |c 20020829  |g PSBO 
801 2 |a RU  |b 63413507  |c 20210306  |g PSBO 
942 |c BK